Célèbres Bodybuilders - Statistiques

Statistiques générales
  • Ce quiz a été pris 78 fois
  • Le résultat moyen est 6 sur 12
Statistiques - réponses
Réponse % Correct
Ronnie Coleman Recordman de Mister Olympia dans la fin des années 90- début 2000
96%
Arnold Schwarzenegger D'origine autrichienne, il démocratise la bodybuilding
76%
Chris Bumstead Popularise la catégorie "Classic Physique"
63%
Tom Platz "Quadfather", reconnu pour avoir les plus grosses cuisses
61%
Jay Cutler Connu pour sa "quad stomp", il est Mister Olympia dans la fin des années 2000
57%
Lee Priest 1.63m, il est connu pour la taille de ses bras
57%
Kevin Levrone "Maryland Machine", il est l'éternel second
55%
Mike Mentzer Connu pour sa méthode "heavy duty", il utilise la science pour faire ses entraînements
45%
Markus Rühl Le plus célèbre des bodybuilders allemands
43%
Dorian Yates Il démocratise le dos dans la note des juges
41%
Frank Zane Connu pour son vacuum, il est considéré comme l'un des plus esthétiques
27%
Sergio Olivia Mister Olympia de 1967 à 1969, il a son personnage dans l'animé / manga "Baki"
10%
Aucun quiz correspondant
Distribution des résultats
% des personnes avec chaque résultat
Percentile par nombre de réponses
Votre historique - résultats
Vous n’avez pas pris ce quiz